000 00469nam a22001817a 4500
003 MPLRDC
005 20220104144050.0
008 210129b ||||| |||| 00| 0 eng d
020 _a7-02-000201-3
082 _a876 BEZK-5
100 _a巴尔扎克
245 _a人生的开端: 卡迪央王妃的秘密
_c梁均 译
250 _a一版二刷
260 _a
_b人民文学出版社
_c1988
300 _b
650 _a法国文学
942 _cBK
_o876 BEZK-5
999 _c46040
_d46030